| 000 | 00503nam a2200169Ia 4500 | ||
|---|---|---|---|
| 999 |
_c3656 _d3656 |
||
| 008 | 200103s 1998 ||||xx |||||||||||||| ||und|| | ||
| 082 |
_a623.88 _bICS |
||
| 100 | _aInternational Chamber of Shipping | ||
| 245 | 0 | _aBridge procedures guide | |
| 250 | _a3rd | ||
| 260 |
_bInternational Chamber of Shipping _c1998 _aLondon |
||
| 300 | _a92p. | ||
| 650 | _aGuidance to masters and navigating officers | ||
| 650 | _aPassage Planning | ||
| 650 | _aDuties of the officer of the watch | ||
| 942 | _cBK | ||